Národní zpráva PISA 2022 : matematická, čtenářská a přírodovědná gramotnost /

Hlavní autor: Boudová, Simona
Další autoři: Tomášek, Vladislav, 1957-, Halbová, Barbora
Jazyk: Čeština
Vydáno: Praha : Česká školní inspekce, 2023
Vydání: 1. vydání
Témata:
Fyzický popis: 84 stran : barevné ilustrace, mapy ; 30 cm
Knihy
Uloženo v:
LEADER 02560nam a2200685 i 4500
001 nkc20233577042
003 CZ PrNK
005 20240202092931.0
007 ta
008 231206s2023 xr ab f 000 0 cze
015 |a cnb003577042 
020 |a 978-80-88492-52-8  |q (brožováno) 
035 |a (OCoLC)1425858833 
040 |a OLA001  |b cze  |d BOA001  |e rda 
043 |a e-xr---  |a dd----- 
045 |a y2y2 
072 7 |a 37  |x Výchova a vzdělávání  |2 Konspekt  |9 22 
080 |a 37.015.31:51  |2 MRF 
080 |a 028.1  |2 MRF 
080 |a 37.015.31:5  |2 MRF 
080 |a 37.011/.012  |2 MRF 
080 |a 37.012  |2 MRF 
080 |a (437.3)  |2 MRF 
080 |a (1-775)  |2 MRF 
080 |a (047.31)  |2 MRF 
100 1 |a Boudová, Simona  |7 jo2015853542  |4 aut 
245 1 0 |a Národní zpráva PISA 2022 :  |b matematická, čtenářská a přírodovědná gramotnost /  |c Simona Boudová, Vladislav Tomášek, Barbora Halbová 
246 3 0 |a PISA 2022 
250 |a 1. vydání 
264 1 |a Praha :  |b Česká školní inspekce,  |c 2023 
300 |a 84 stran :  |b barevné ilustrace, mapy ;  |c 30 cm 
336 |a text  |b txt  |2 rdacontent 
337 |a bez média  |b n  |2 rdamedia 
338 |a svazek  |b nc  |2 rdacarrier 
500 |a Obsahuje QR kódy 
504 |a Obsahuje bibliografické odkazy 
610 2 7 |a Programme for International Student Assessment  |7 kn20021030004  |2 czenas 
648 7 |a 2021-2030  |7 ch1094457  |2 czenas 
648 7 |a 2022  |7 ch1186030  |2 czenas 
650 0 7 |a matematická gramotnost  |7 ph1067937  |2 czenas 
650 0 7 |a čtenářská gramotnost  |7 ph136980  |2 czenas 
650 0 7 |a přírodovědná gramotnost  |7 ph228433  |2 czenas 
650 0 7 |a ověřování znalostí  |7 ph222849  |2 czenas 
650 0 7 |a pedagogický výzkum  |7 ph124017  |z Česko  |y 2021-2030  |2 czenas 
650 0 7 |a pedagogický výzkum  |7 ph124017  |z země OECD  |y 2021-2030  |2 czenas 
650 0 9 |a mathematical literacy  |2 eczenas 
650 0 9 |a readers' literacy  |2 eczenas 
650 0 9 |a science literacy  |2 eczenas 
650 0 9 |a knowledge evaluation  |2 eczenas 
650 0 9 |a educational research  |z Czechia  |y 2021-2030  |2 eczenas 
650 0 9 |a educational research  |z OECD countries  |y 2021-2030  |2 eczenas 
655 7 |a výzkumné zprávy  |7 fd131869  |2 czenas 
655 9 |a research reports  |2 eczenas 
700 1 |a Tomášek, Vladislav,  |d 1957-  |7 mzk2006337025  |4 aut 
700 1 |a Halbová, Barbora  |4 aut 
910 2 |a BOA001  |b 4-1517.602 
990 |a BK 
995 |a 01 
991 |b 202401  |c NOV 
996 6 |b 2610956969  |c 4-1517.602  |l MZK  |r Sklad / do 1 hodiny  |n 0  |p p.v.  |w 001948756  |u 000010  |a 1  |e BOA001  |j MZK50  |s P